00398nam a2200145Ia 450000500170000000800410001708200180005810000230007624500290009926000420012830000100017065000480018094200070022899900170023520240821151538.0240821s9999||||xx |||||||||||||| ||und|| a703 RUN (R-E) aRunes, Dagobert D. 0aEncyclopedia of the arts aNew YorkbPhilosophical Libraryc1946 a1064p aArts, Crafts, Music, Sports and Recreations cBK c30872d30872